000 00312nam a2200133Ia 4500
008 221030s9999 xx 000 0 und d
041 _aEnglish
082 _a105.23
100 _aD. A. Decenzo
245 0 _aPersonnel/ Human Resource Management
_cby D. A. Decenzo
260 _c0
650 _aMb
942 _cBK
999 _c10645
_d10645